Music Quiz

Random Music or Album Quiz

Top 50 Ambient Albums Quiz Stats

 Plays Quiz not verified by Sporcle

Support Sporcle.
Go Orange.
Score 0/50 Timer 12:00
0 Plays Today
Artist Album % Correct
#1: Aphex TwinSelected Ambient Works Volume II
85.7%
#3: Brian EnoAmbient 1: Music for Airports
85.7%
#9: GASPop
57.1%
#10: Tim HeckerVirgins
57.1%
#13: Angelo BadalamentiTwin Peaks: Limited Event Series Soundtrack
57.1%
#15: BiosphereSubstrata
57.1%
#38: The KLFChill Out
57.1%
#4: Tim HeckerHarmony in Ultraviolet
42.9%
#16: Oneohtrix Point NeverReplica
42.9%
#5: Stars of the LidThe Tired Sounds Of
28.6%
#6: C418Minecraft: Volume Alpha
28.6%
#8: Tim HeckerRavedeath, 1972
28.6%
#11: GrouperA I A: Alien Observer
28.6%
#17: Tim HeckerRadio Amor
28.6%
#18: GrouperDragging a Dead Deer Up a Hill
28.6%
#19: Global Communication76:14
28.6%
#21: Brian EnoAmbient 4: On Land
28.6%
#24: Harold Budd / Brian EnoAmbient 2: The Plateaux of Mirror
28.6%
#25: William BasinskiThe Disintegration Loops
28.6%
#27: Kenji KawaiGhost in the Shell: Original Soundtrack
28.6%
#30: Manaka Kataoka / Yasuaki Iwata / Hajime WakaiThe Legend of Zelda: Breath of the Wild Original Soundtrack
28.6%
#43: MurmuüreMurmuüre
28.6%
#2: Akira YamaokaSilent Hill 2: Original Soundtrack
14.3%
#7: Stars of the LidAnd Their Refinement of the Decline
14.3%
#12: Steve RoachStructures From Silence
14.3%
Artist Album % Correct
#14: Brian Eno with Daniel Lanois & Roger EnoApollo: Atmospheres & Soundtracks
14.3%
#20: The CaretakerAn Empty Bliss Beyond This World
14.3%
#22: Popol VuhIn den Gärten Pharaos
14.3%
#23: Mark MorganFallout: The Soundtrack
14.3%
#26: Robert RichSomnium
14.3%
#28: William BasinskiThe Disintegration Loops II
14.3%
#29: Natural Snow BuildingsDaughter of Darkness
14.3%
#31: Mark MorganFallout 2: The Soundtrack
14.3%
#32: Steve RoachMystic Chords & Sacred Spaces
14.3%
#33: Kevin PenkinMade in Abyss Original Soundtrack
14.3%
#34: GASKönigsforst
14.3%
#35: UlverShadows of the Sun
14.3%
#36: Roland KaynTektra
14.3%
#37: Kensuke UshioGirls, Dance, Staircase
14.3%
#39: Tangerine DreamZeit
14.3%
#40: Kensuke Ushio / Koichi Kyuma / Koichi Kyuma / Koichi KyumaMetroid Prime & Fusion Original Soundtracks
14.3%
#41: William BasinskiThe Disintegration Loops III
14.3%
#42: Hiroshi YoshimuraWave Notation 1: Music for Nine Post Cards
14.3%
#44: Harold Budd / Brian Eno with Daniel LanoisThe Pearl
14.3%
#45: GASZauberberg
14.3%
#46: Klaus SchulzeIrrlicht
14.3%
#47: Akira YamaokaSilent Hill: Original Soundtrack
14.3%
#48: Matt UelmenDiablo II: Soundtrack
14.3%
#49: HoedhHymnvs
14.3%
#50: 2814Atarashī hi no tanjō
14.3%

You're not logged in!

Compare scores with friends on all Sporcle quizzes.
OR
Log In

From the Vault

Bon Jovi Albums

by Ben

The hair, the leather pants, the boys from Jersey. How well do you know the band - BON JOVI!
Remove Ads.
Support Sporcle.
Get the best of Sporcle when you Go Orange. This ad-free experience offers more features, more stats, and more fun while also helping to support Sporcle. Thank you for becoming a member.

Show Comments

Extras

Top Quizzes Today


Score Distribution

Your Account Isn't Verified!

In order to create a playlist on Sporcle, you need to verify the email address you used during registration. Go to your Sporcle Settings to finish the process.

Report this User

Report this user for behavior that violates our Community Guidelines.

Details: